Nations championnes du monde dans au moins un sport collectif - Statistiques

Statistiques générales
  • Ce quiz a été pris 42 fois
  • Le résultat moyen est 34 sur 49
Statistiques - réponses
Sports Nation % Correct
Baseball HF, Basketball HF, Football F, Hockey sur glace HF, Rugby à XV F, Volley-ball HF, Water-polo HF États-Unis
100%
Basketball H, Football H, Futsal H, Hockey sur gazon F Argentine
97%
Basketball HF, Beach soccer H, Football H, Futsal HF, Handball H, Volley-ball H Brésil
97%
Beach soccer H, Football H, Handball HF, Rugby à sept H France
97%
Basketball H, Football HF, Handball H, Hockey sur gazon H Allemagne
95%
Hockey sur glace HF, Water-polo F Canada
95%
Basketball H, Football HF, Futsal H, Handball H, Water-polo H Espagne
95%
Cricket HF, Hockey sur gazon H Inde
95%
Cricket HF, Football H, Rugby à XV HF Angleterre
92%
Basketball F, Cricket HF, Hockey sur gazon HF, Rugby à sept HF, Rugby à XIII HF, Rugby à XV H, Water-polo F Australie
92%
Beach soccer H, Handball F, Hockey sur glace H, Volley-ball F, Water-polo H Russie
92%
Beach soccer H, Futsal H Portugal
90%
Football H Uruguay
90%
Volley-ball F Chine
87%
Football H, Volley-ball HF, Water-polo H Italie
87%
Baseball F, Football F, Hockey sur gazon F Japon
87%
Cricket F, Rugby à sept HF, Rugby à XIII HF, Rugby à XV HF Nouvelle-Zélande
87%
Football F, Handball F Norvège
82%
Volley-ball H Pologne
82%
Handball H, Hockey sur glace H Suède
82%
Rugby à sept H, Rugby à XV H Afrique du Sud
77%
Hockey sur glace H Finlande
77%
Baseball H, Handball F, Hockey sur gazon HF, Water-polo F Pays-Bas
77%
Handball H Croatie
74%
Hockey sur gazon H Belgique
72%
Baseball H, Handball F Corée du Sud
72%
Handball HF Danemark
72%
Volley-ball F, Water-polo H Serbie
72%
Hockey sur glace H Tchéquie
72%
Handball F, Water-polo HF Hongrie
69%
Cricket H, Hockey sur gazon H Pakistan
69%
Baseball H Colombie
67%
Handball HF Roumanie
59%
Hockey sur glace H Slovaquie
59%
Baseball H, Volley-ball F Cuba
56%
Basketball HF, Handball HF, Hockey sur glace H, Volley-ball HF, Water-polo H URSS
54%
Basketball H, Handball HF, Water-polo H Yougoslavie
51%
Rugby à sept H Fidji
49%
Handball HF, Hockey sur glace H, Volley-ball H Tchécoslovaquie
49%
Baseball H Venezuela
49%
Rugby à sept H Samoa
46%
Handball F, Volley-ball H Allemagne de l'Est
44%
Baseball H, Hockey sur glace H, Rugby à XIII H Royaume-Uni
38%
Football H, Handball H, Hockey sur gazon F, Water-polo H Allemagne de l'Ouest
36%
Cricket H Sri Lanka
23%
Baseball H Porto Rico
18%
Baseball H République dominicaine
18%
Water-polo H Serbie-et-Monténégro
10%
Cricket H Indes occidentales
5%
Aucun quiz correspondant
Distribution des résultats
% des personnes avec chaque résultat
Percentile par nombre de réponses
Votre historique - résultats
Vous n’avez pas pris ce quiz